| 000 | 00586nam a2200217 a 4500 | ||
|---|---|---|---|
| 999 |
_c12094 _d12094 |
||
| 001 | 12094 | ||
| 003 | BD-JhCC | ||
| 005 | 20210314131946.0 | ||
| 008 | 210314r20012015ii a|||| |||| 000 0 eng d | ||
| 020 | _a9788173814006 | ||
| 035 | _a(BD-JhCC)12094 | ||
| 040 |
_aBD-JhCC _dBD-JhCC |
||
| 041 | _aeng | ||
| 082 |
_a539.7 _bCHA 2015 |
||
| 100 | _aBasu, Cittaranjan | ||
| 245 |
_aAtom and nuclear Physics / _cCittaranjan Basu, |
||
| 260 |
_aNew Delhi : _bNew Central Book Agency, _c2015 [reprint]. |
||
| 300 |
_a291 p. : _bill. ; _c21 cm. |
||
| 650 | _aNuclear physics | ||
| 942 |
_2ddc _cBK |
||